Random Questions - Statistics

General Stats
  • This quiz has been taken 37 times
    20 since last reset
  • The average score is 9 of 15
Answer Stats
Question Answer % Correct
Who is the best NBA player of all time? Michael Jordan
100%
Which injury hurts the most? Shot in the chest by a gun
100%
Which mythical creature has the most sightings? Bigfoot
80%
(Please forgive me for this🤣) If you don't know what McDonald's is, what are you? Dumbass
80%
Which country is the most populous? India
80%
Which video game has the most downloads? Minecraft
80%
Which shoe brand is the most sucessful Nike
80%
Who was the 16th president? Abraham Lincoln
60%
Who's the best rapper of all time? Eminem
60%
Which YouTube channel has more subscribers? Mr. Beast
60%
What sport does Cristiano Ronaldo play? Soccer
60%
Which social media is used by the most people? Facebook
40%
Which horror movie is the highest best-selling? Halloween (Michael Myers)
40%
Which artist has the most followers on Spotify? Michael Jackson
0%
Which movie has the most views? The Wizard of Oz
0%
No matching quizzes found
Score Distribution
Percent of People with Each Score
Percentile by Number Answered
Your Score History
You have not taken this quiz since the last reset